000 010630000a22003010004500
001 18794
003 CO-MdFUSB
005 20160809112429.0
008 160809b1984 sp ||||f |||| 00| 0 spa d
020 _a84-473-0004-8
040 _aCO-MdFUSB
_bEspañol
_cCO-MdFUSB
_dCO-MdFUSB
041 0 _aeng
082 _224
_aG 891.86
_bK96i
100 1 _aKundera, Milan (1929-)
_eautor
245 0 3 _aLa insoportable levedad del ser
_c/ Milan Kundera ; Traducido por Fernando de Valenzuela
264 _aBarcelona :
_bPérez Galdós,
_c1984
300 _a316 páginas
336 _2rdacontent
_a1
_ba1
337 _2rdamedia
_a2
_b5
338 _2rdacarrier
_a2
_b5
500 _atítulo original en alemán : Nesnesitelná lehkost byti
501 _arústico
505 0 0 _aLa levedad y el peso -- El alma y el cuerpo -- Palabras incomprendidas -- El alma y el cuerpo -- La levedad y el peso -- La Gran Marcha -- La sonrisa de Karenin.
650 7 _9297
_aLiteratura checa
650 7 _9299
_aIdentidad (Psicología)
653 _aObras de ficción
942 _cBK
999 _c45200
_d45200